header

Stress counselling (Record no. 200594)

MARC details
000 -LEADER
fixed length control field 01297nam a2200349Ia 4500
245 00 - TITLE STATEMENT
Title Stress counselling
260 ## - PUBLICATION, DISTRIBUTION, ETC. (IMPRINT)
Place of publication London ;
-- New York :
Name of publisher Continuum,
Year of publication 2001, c1997.
300 ## - PHYSICAL DESCRIPTION
Number of Pages vi, 200 p. :
Other physical details ill.
490 1# - SERIES STATEMENT
Series statement Stress counselling series
650 #0 - SUBJECT ADDED ENTRY--TOPICAL TERM
Topical Term Behavior therapy.
Topical Term Counseling.
Topical Term Stress (Psychology)
700 1# - ADDED ENTRY--PERSONAL NAME
Personal name Ellis, Albert.
856 40 - ELECTRONIC LOCATION AND ACCESS
Uniform Resource Identifier http://site.ebrary.com/lib/rucke/Doc?id=10567169

No items available.

© 2026 Rongo University
Contact us: librarian | system librarian | Rongo university